LEADER 03563oam 2200637I 450 001 9910453327403321 005 20200520144314.0 010 $a1-136-92092-7 010 $a0-415-86087-3 010 $a0-203-84455-6 010 $a1-136-92093-5 024 7 $a10.4324/9780203844557 035 $a(CKB)2550000001164811 035 $a(SSID)ssj0000886467 035 $a(PQKBManifestationID)12400601 035 $a(PQKBTitleCode)TC0000886467 035 $a(PQKBWorkID)10817918 035 $a(PQKB)10214750 035 $a(OCoLC)849917668 035 $a(MiAaPQ)EBC592921 035 $a(Au-PeEL)EBL592921 035 $a(CaPaEBR)ebr10714900 035 $a(CaONFJC)MIL493777 035 $a(OCoLC)849724607 035 $a(EXLCZ)992550000001164811 100 $a20180706d2011 uy 0 101 0 $aeng 135 $aurcn||||||||| 181 $ctxt 182 $cc 183 $acr 200 00$aOptimal control of age-structured populations in economy, demography, and the environment /$fedited by Raouf Boucekkine, Natali Hritonenko, and Yuri Yatsenko 210 1$aAbingdon, Oxon :$cRoutledge,$d2011. 215 $axviii, 295 p. $cill 225 1 $aRoutledge explorations in environmental economics ;$v29 300 $aBibliographic Level Mode of Issuance: Monograph 311 $a0-415-77651-1 311 $a1-299-62527-4 320 $aIncludes bibliographical references and index. 327 $aThe genuine savings criterion and the value of population in an economy with endogenous fertility rate / Kenneth J. Arrow, Alain Bensoussan, Qi Feng, and Suresh P. Sethi -- Continuous time overlapping generations models / Hippolyte d'Albis and Emmanuelle Augeraud-Ve?ron -- Modeling technological change in equipment replacement problems / Chin Hon Tan and Joseph C. Hartman -- Embodied technology adoption under uncertainty / Bruno Cruz and Aude Pommeret -- Viability, optimality, and sustainability in vintage models / Noe?l Bonneuil -- Embodied technical change and learning-by-doing in a two sector growth model with human capital accumulation / Alberto Bucci, Herb Kunze, and Davide La Torre -- Age-structured optimization models in fisheries bioeconomics : a survey / Olli Tahvonen -- Age-structured models and optimal control in mathematical epidemiology : a survey / David Greenhalgh -- Optimal management of a size distributed forest with respect to timber and non-timber values / Renan-Ulrich Goertz and Angels Xabadia -- Optimal harvesting in a two-species model of size-structured population / Nobuyuki Kato -- Optimisation problems in the management of indigenous plant populations under grazing pressure / Lynne McArthur, John Boland, and Fleur Tiver -- Identification of age-structured contamination sources in ground water / Sergey Lyashko, Dmitry Klyushin, Dmitry Nomirovsky, and Vladimir Semenov. 410 0$aRoutledge explorations in environmental economics ;$v29. 606 $aPopulation$xMathematical models 606 $aMathematical optimization 608 $aElectronic books. 615 0$aPopulation$xMathematical models. 615 0$aMathematical optimization. 676 $a304.601/5195 701 $aBoucekkine$b Raouf$0945728 701 $aHritonenko$b Natali$0945729 701 $aII?ĦAtI?Ħsenko$b II?ĦU. P$g(II?ĦUrii Petrovich)$0945730 801 0$bFlBoTFG 801 1$bFlBoTFG 906 $aBOOK 912 $a9910453327403321 996 $aOptimal control of age-structured populations in economy, demography, and the environment$92135570 997 $aUNINA LEADER 03521nam 2200565Ia 450 001 9910455399103321 005 20200520144314.0 010 $a0-674-03814-2 024 7 $a10.4159/9780674038141 035 $a(CKB)1000000000787127 035 $a(StDuBDS)AH23050723 035 $a(SSID)ssj0000219508 035 $a(PQKBManifestationID)11175844 035 $a(PQKBTitleCode)TC0000219508 035 $a(PQKBWorkID)10229447 035 $a(PQKB)11006252 035 $a(MiAaPQ)EBC3300422 035 $a(Au-PeEL)EBL3300422 035 $a(CaPaEBR)ebr10318415 035 $a(OCoLC)923110589 035 $a(DE-B1597)574416 035 $a(DE-B1597)9780674038141 035 $a(EXLCZ)991000000000787127 100 $a19970423d1997 uy 0 101 0 $aeng 135 $aur||||||||||| 181 $ctxt 182 $cc 183 $acr 200 10$aPeople of the book$b[electronic resource] $ecanon, meaning, and authority /$fMoshe Halbertal 210 $aCambridge, MA $cHarvard University Press$d1997 215 $a1 online resource (256p.) 300 $aBibliographic Level Mode of Issuance: Monograph 311 $a0-674-66112-5 320 $aIncludes bibliographical references (p. [145]-179) and index. 327 $tFrontmatter -- $tAcknowledgments -- $tContents -- $tIntroduction: Canonical Text and Text-Centered Community -- $t1 Canon and Meaning -- $t2 Authority, Controversy, and Tradition -- $t3 Canon and Curriculum -- $tConclusion -- $tAppendix: The Sovereign and the Canon -- $tNotes -- $tIndex 330 $aPeople of the Book offers an introduction to Jewish hermeneutics, and conveys the importance of the tradition to both general and academic readers. 330 $bWhile Scripture is at the centre of many religions, among them Islam and Christianity, this book inquires into the function, development, and implications of the centrality of text upon the Jewish community, and by extension on the larger question of canonization and the text-centered community. It is a commonplace to note how the landless and scattered Jewish communities have, from the time of the destruction of the Temple in Jerusalem in 70 AD until the founding of modern Israel in 1948, cleaved to the text and derived their identity from it. But the story is far more complex. The shift from the Bible to the Torah, from biblical religion to rabbinic Judaism mediated by the Sages, and the sealing of the canon together with its continuing interpretive work demanded from the community, amount to what could be called an unparalleled obsession with textuality. Halbertal gives us insights into the history of this obsession, in his narrative.;The book offers an introduction to Jewish hermeneutics, and aims to convey the importance of the tradition to a wide audience of both academic and general readers. Halbertal provides a panoramic survey of Jewish attitudes toward Scripture, organized around problems of normative and formative authority, with an emphasis on the changing status and functions of Mishnah, Talmud, and Kabbalah. Weaving complex issues of interpretation into his own plot, he animates ancient texts by assigning them roles in his own narrative. 606 $aTheology 608 $aElectronic books. 615 0$aTheology. 676 $a221.6 700 $aHalbertal$b Moshe$0764566 801 0$bMiAaPQ 801 1$bMiAaPQ 801 2$bMiAaPQ 906 $aBOOK 912 $a9910455399103321 996 $aPeople of the book$92285026 997 $aUNINA LEADER 03627nam 22005774a 450 001 9910143266303321 005 20170816142734.0 010 $a1-280-19728-5 010 $a9786610197286 010 $a0-470-79102-0 010 $a0-470-99471-1 010 $a1-4051-4097-6 035 $a(CKB)1000000000351278 035 $a(EBL)233111 035 $a(OCoLC)437147415 035 $a(SSID)ssj0000150751 035 $a(PQKBManifestationID)11162908 035 $a(PQKBTitleCode)TC0000150751 035 $a(PQKBWorkID)10281330 035 $a(PQKB)11450239 035 $a(MiAaPQ)EBC233111 035 $a(EXLCZ)991000000000351278 100 $a20040608d2004 uy 0 101 0 $aeng 135 $aur|n|---||||| 181 $ctxt 182 $cc 183 $acr 200 00$aEvaluating pharmaceuticals for health policy and reimbursement$b[electronic resource] /$fedited by Nick Freemantle and Suzanne Hill 210 $aMalden, Mass. $cBMJ Books/Blackwell Pub.$d2004 215 $a1 online resource (280 p.) 300 $aDescription based upon print version of record. 311 $a0-7279-1784-6 320 $aIncludes bibliographical references and index. 327 $aDevelopment of marketing authorisation procedures for pharmaceuticals / Alar Irs, Truus Janse de Hoog, Lembit Ra?go -- Interpreting clinical evidence / Nick Freemantle ... [et al.] -- International pharmaceutical policy: health creation or wealth creation? / Karen Bloor, Alan Maynard -- Development of fourth hurdle policies around the world / Rod S. Taylor ... [et al.] -- Economic modelling in drug reimbursement / Glenn Salkeld, Nick Freemantle, Bernie O'Brien -- Priority setting in health care: matching decision criteria with policy objectives / Gina Brinsmead, Alan Williams -- Tensions in licensing and reimbursement decisions: the case of riluzole for amyotrophic lateral sclerosis / Stirling Bryan ... [et al.] -- 327 $aRelationships between stakeholders: managing the war of words / Suzanne Hill, Kees de Joncheere -- Medicine and the media: good information or misleading hype? / Ray Moynihan, Lisa M. Schwartz, Steven Woloshin -- How to promote quality use of cost-effective medicines / Hans Hogerzeil, Kathleen Holloway -- Using economic evaluation to inform health policy and reimbursement: making it happen and making it sustainable / Andrew Mitchell -- Pricing of pharmaceuticals / David Newby, Andrew Creese, Alan Stevens -- Evaluating pharmaceuticals for health policy in low and middle income country settings / Andrew Creese ... [et al.]. 330 $a"The challenge in all settings is to make the difficult decisions in a way that is defensible, justifiable, ethical, and equitable" So write Nick Freemantle and Suzanne Hill in their introduction to this important discussion on decision making in the reimbursement of pharmaceuticals. Based around a programme supported by the World Health Organization, chapters by leading academics involved in the research tackle such major issues as international pharmaceutical policy, tensions in licensing policies, priority setting, and relationships between the stakeholders. 606 $aPharmaceutical policy 608 $aElectronic books. 615 0$aPharmaceutical policy. 676 $a362.17/82 676 $a362.1782 701 $aFreemantle$b Nick$0983439 701 $aHill$b Suzanne$0877980 801 0$bMiAaPQ 801 1$bMiAaPQ 801 2$bMiAaPQ 906 $aBOOK 912 $a9910143266303321 996 $aEvaluating pharmaceuticals for health policy and reimbursement$92245004 997 $aUNINA